| 000 | 00696nam a2200217Ia 4500 | ||
|---|---|---|---|
| 003 | OSt | ||
| 005 | 20240926112838.0 | ||
| 008 | 210210b1973 xxu||||| |||| 00| 0 eng d | ||
| 040 | _cAL | ||
| 041 | _aKannada | ||
| 082 | _aK894.2 SHAC | ||
| 100 |
_aSHAW (George Bernard). _dಜಾರ್ಜ್ ಬರ್ನಾರ್ಡ್ ಷಾ _9180320 |
||
| 245 |
_aChocolate sepoy. _bಚಾಕೊಲೆಟ್ ಸಿಪಾಯಿ |
||
| 260 |
_aSagara _bAkshara Prakashana _c1973 |
||
| 300 | _aviii,120 | ||
| 650 |
_aArms and the man _9180321 |
||
| 690 |
_aKannada Drama _9180322 |
||
| 700 |
_aH A Ramakrashna. _dಹೆಚ್ ಎ ರಾಮಕೃಷ್ಣ tr _9180323 |
||
| 906 | _aSG00499 | ||
| 942 |
_2ddc _cBK |
||
| 999 |
_c112224 _d112224 |
||